00862nam a22002537a 450000500170000001000130001702000230003003500130005303700160006604000120008208200160009410000300011024500600014024600060020026000300020627000380023630000200027450000190029465000670031365000570038094200250043799900190046295201270048120170124110006.0 aA-806262 c250.00a8121405793 aA-806262 bCen Lib/Ret aDPLbEN a328.36bKAS aKashyap, Subhash C.98440 aLegislative management studies /cby Subhash C. Kashyap b  bNationalc1995aNew Delhi a23, Darya GanjbNew Delhie110002 a267p.c22cm(Hb) aIncludes index aLegislative bodies -- India -- Officials and employees.916918 aLegislative bodies -- Officials and employees916919 2ddccENh328.36mKAS c126204d126204 00104070aLbLd2015-06-24eCen Lib/Retg250.00l0o328.36 KASpA-806262r2015-06-24 00:00:00t1v250.00w2015-06-24yEN